000 004480000a22001810004500
001 004887
003 MACL
005 20150705142951.0
008 150705b xxu||||| |||| 00| 0 eng d
040 _aMACL
_cMACL
041 _aEnglish
100 _aParry, Jonathan
_9862
245 _aDeath In Banaras
_cJonathan Parry
260 _aCambridge Univesity,
_c1994
_bNew Delhi
350 _a350
650 _aSocial Science
_929
942 _k301
_cBK
_2ddc
999 _c16770
_d16770